00497nam a22000977a 4500008004100000010001200041245012500053260000900178500005900187500015300246110607t xxu||||| |||| 00| 0 eng d aSCCAF:8 aSUPREME COURT CIVIL APPEAL NO.17 Of 2002 1. Fr.Narsensio Begumisa 2. B.Ntimba 3. D Komunda 4. E Kamonda Vs Eric Tibebaga c2002 aCoram: Oder, Tsekooko, Karikora, Mulenga & Kato JJ.S.C aAppeal from the judgment of the court of appeal (Mpagi-Bahigeine, Berko and Engwau JJ.A.) at kampala, in civil Appeal No.47/2000, dated 2 july 2002